Literature Making headway upper intermediate

Tallennettuna:
Bibliografiset tiedot
Päätekijä: Bowler,Bill
Muut tekijät: Parminter,Sue
Aineistotyyppi: Kirja
Julkaistu: Oxford Oxford University 1993
Aiheet:
Tagit: Lisää tagi
Ei tageja, Lisää ensimmäinen tagi!
Thư viện lưu trữ: Trung tâm Học liệu Lê Vũ Hùng, Trường Đại học Đồng Tháp
LEADER 00744pam a22002418a 4500
001 00027098
005 20171026081025.0
008 111003s1993 |||||| sd
020 # # |a 0194355047 
082 1 4 |a 428  |b L300T 
100 1 # |a Bowler,Bill 
245 1 0 |a Literature  |b Making headway upper intermediate  |c Bill Bowler.Sue Parminter 
260 # # |c 1993  |a Oxford  |b Oxford University 
300 # # |a 93 p.  |c 21 cm. 
653 # # |a literature 
653 # # |a vocabulary 
653 # # |a reading skills 
700 1 # |a Parminter,Sue 
852 # # |b Kho giáo trình  |j KGT.0033306 
852 # # |j KGT.0033306 
852 # # |b Kho mượn  |j KGT.0033306 
910 |d 03/10/2011 
980 # # |a Trung tâm Học liệu Lê Vũ Hùng, Trường Đại học Đồng Tháp